| 000 | 00547nam a22001937a 4500 | ||
|---|---|---|---|
| 005 | 20251108174721.0 | ||
| 008 | 250721s2006 xx 000 0 ara d | ||
| 082 | 1 | 4 | _a818/بطا |
| 100 | 1 |
_aبطارسة، صالح رشيد _eمؤلف |
|
| 245 | 1 | 0 | _aعناقيد العنب / |
| 264 | 1 |
_aعمان : _bالمؤلف، _c2006. |
|
| 300 | _a307ص. | ||
| 650 | 1 | 7 | _aالادب العربي |
| 650 | 1 | 7 | _aالفكاهه |
| 650 | 1 | 7 | _aالشعر العربي |
| 653 | _aالمنوعات الادبيه | ||
| 942 |
_2ddc _cBK |
||
| 999 |
_c116244 _d116244 |
||